Cuidando su hogar : (Registro nro. 14535)

Detalles MARC
000 -LIDER
fixed length control field 00923cam a2200265 a 4500
001 - NÚMERO DE CONTROL
Identificador de número de control
003 - IDENTIFICACDOR DE NÚMERO DE CONTROL
control field DO-SdBNP
005 - DATE AND TIME OF LATEST TRANSACTION
control field 20240119070749.0
008 - ELEMENTOS DE LONGITUD FIJA
fixed length control field 080613s2007 xx b 000 0 spa
020 ## - ISBN
International Standard Book Number 978141435874
040 ## - FUENTE DE CATALOGACIÓN
Agencia que crea de manera original el registro BPMSU
Idioma de catalogación spa
Agencia que realiza la transcripción BPMSU
082 #4 - NÚMERO DE CLASIFICACIÓN DECIMAL DE DEWEY
Classification number 306.872
Item number C466c 2007
Edition number 22
100 1# - ASIENTO PRINCIPAL -- NOMBRE PERSONAL
Nombre personal Chapman, Gary D.,
Fechas asociadas con el nombre 1938-
245 14 - MENCIÓN DE TITULO
Título Cuidando su hogar :
Subtítulo la guía Chapman para mejorar las relaciones con su cónyuge /
Mención de responsabilidad Gary D. Chapman.
260 ## - PUBLICACIÓN, DISTRIBUCIÓN, ETC. (PIE DE IMPRENTA)
Lugar de publicación, distribución, etc Carol Stream, Ill. :
Nombre del editor, distribuidor, etc. Tyndale House Publishers,
Fecha de publicación, distribución, etc 2007
300 ## - DESCRIPCIÓN FÍSICA
Extensión x, 115 p. ;
Dimensiones 19 cm.
504 ## - NOTA DE BIBLIOGRAFÍA, ETC.
Bibliography, etc Incluye referencias bibliográficas y notas al pie de las páginas
590 ## - NOTA LOCAL
Texto de la nota local Inventariado, 2024/VM
650 #4 - ENCABEZAMIENTO DE MATERIA--TEMÁTICO
Término temático o nombre geográfico como elemento de entrada Amor
Subdivisión temática general
650 #4 - ENCABEZAMIENTO DE MATERIA--TEMÁTICO
Término temático o nombre geográfico como elemento de entrada Convivencia
650 #4 - ENCABEZAMIENTO DE MATERIA--TEMÁTICO
Término temático o nombre geográfico como elemento de entrada Relaciones de pareja
856 41 - UBICACIÓN ELECTRÓNICA Y ACCESO
Materiales especificados Table of contents only
Identificador Uniforme del Recurso (“URI”) http://www.loc.gov/catdir/toc/ecip0821/2008026118.html
910 ## - VALIDACIÓN
Validación VMateo V. Control de calidad BPMSU
942 ## - ADDED ENTRY ELEMENTS (KOHA)
Source of classification or shelving scheme Dewey Decimal Classification
Koha item type Libros
Existencias
Withdrawn status Lost status Source of classification or shelving scheme Damaged status Not for loan Collection code Home library Current library Date acquired Total Checkouts Full call number Barcode Date last seen Price effective from Koha item type
    Dewey Decimal Classification     Colección General Biblioteca Pública Metropolitana Salomé Ureña Biblioteca Pública Metropolitana Salomé Ureña 01/19/2024   BPMSU CG 306.872 C466c 2007 BPMSU24010029 01/19/2024 01/19/2024 Libros